Statistics for Countries with a population over 100 million

Click here to take the quiz!

General Stats

  • This quiz has been taken 12 times
  • The average score is 13 of 15

Answer Stats

HintAnswer% Correct
AsiaChina
100%
AsiaIndia
100%
AsiaJapan
100%
AfricaNigeria
100%
AsiaBangladesh
88%
South AmericaBrazil
88%
AfricaEthiopia
88%
AsiaIndonesia
88%
North AmericaMexico
88%
AsiaPakistan
88%
Europe - AsiaRussia
88%
North AmericaUSA
88%
AfricaEgypt
75%
AsiaPhilippines
75%
AfricaD. R. Congo
63%

Score Distribution

Percentile by Number Answered

Percent of People with Each Score

Your Score History

You have not taken this quiz